000 00670nam a22002297a 4500
003 UA-OsUOA
001 75911
007 ta
008 20110607b un ||||| |||| 00| 0 ukr d
100 _aЗатонський Д.
090 _a82.09(430)
_bЗ-37
942 _cBK
040 _aUA-OsUOA
_bukr
_cUA-OsUOA
_dUA-OsUOA
245 _aШлях через ХХ століття: Статті про німецькомовні літератури
300 _a301 с.
955 _a2
041 _aukr
080 _a82.09(430)
260 _aК.
_bДніпро
_c1978
650 7 _a82 Література. Літературознавство
_2UDC
999 _c362209
_d362209